A definition and valuation of the UK offsite construction sector (Record no. 82774)
[ view plain ]
| 000 -LEADER | |
|---|---|
| fixed length control field | 00761cab a22001935a 4500 |
| 001 - CONTROL NUMBER | |
| control field | L151336 |
| 008 - FIXED-LENGTH DATA ELEMENTS--GENERAL INFORMATION | |
| fixed length control field | 101025s2010 xxkd f s 000 0 eng d |
| 035 ## - SYSTEM CONTROL NUMBER | |
| System control number | (Sirsi) u151336 |
| 041 0# - LANGUAGE CODE | |
| Language code of text/sound track or separate title | eng |
| 100 1# - MAIN ENTRY--PERSONAL NAME | |
| Personal name | Dunlop Taylor, Mark |
| 245 02 - TITLE STATEMENT | |
| Title | A definition and valuation of the UK offsite construction sector |
| 260 ## - PUBLICATION, DISTRIBUTION, ETC. | |
| Date of publication, distribution, etc. | 2010 |
| 490 ## - SERIES STATEMENT | |
| Series statement | Construction Management and Economics |
| Volume/sequential designation | (28) July-September 2010, 885-896 (11) |
| 520 ## - SUMMARY, ETC. | |
| Summary, etc. | Examines the value of the offsite construction sector in the UK; prefabrication, pre-assembly, offsite manufacturing; considers why the construction industry needs to understand the structure of the offsite sector and its value. |
| 590 ## - LOCAL NOTE (RLIN) | |
| Local note | KA |
| 651 #4 - SUBJECT ADDED ENTRY--GEOGRAPHIC NAME | |
| Geographic name | United Kingdom |
| Chronological subdivision | |
| 690 ## - LOCAL SUBJECT ADDED ENTRY--TOPICAL TERM (OCLC, RLIN) | |
| Topical term or geographic name as entry element | Procurement |
| 9 (RLIN) | 6260 |
| 942 ## - ADDED ENTRY ELEMENTS (KOHA) | |
| Suppress in OPAC | 0 |
| Withdrawn status | Lost status | Source of classification or shelving scheme | Damaged status | Not for loan | Home library | Current library | Shelving location | Date acquired | Total Checkouts | Full call number | Barcode | Date last seen | Copy number | Price effective from | Koha item type |
|---|---|---|---|---|---|---|---|---|---|---|---|---|---|---|---|
| Dewey Decimal Classification | London | London | Journal article | 25/10/2010 | L151336 | 151336-1001 | 06/08/2019 | 1 | 06/08/2019 | Journal article |